| 000 | 00738nam a2200193Ii 4500 | ||
|---|---|---|---|
| 003 | JO-AjNU | ||
| 008 | 230605s9999||||xx |||||||||||||| ||und|| | ||
| 040 |
_aJO-AjNU _bara _erda _cJO-AjNU |
||
| 041 | _aara | ||
| 050 | 1 | 4 | _aHS3269 |
| 100 | 3 |
_aاعداد: حسنين، صابر، محمد حسن, _eauthor _910424 |
|
| 245 | 0 | 0 | _aالكشافة: برامج لزيادة التحصيل العلمي للاشبال |
| 264 | 3 | 1 | _aالاسكندرية: مؤسسة حورس الدولية |
| 300 |
_a112ص _bيحتوي على ببلوغرافية من 109-112ص |
||
| 336 |
_atext _btxt _2rdacontent |
||
| 337 |
_aunmediated _bn _2rdamedia |
||
| 338 |
_avolume _bnc _2rdacarrier |
||
| 650 | 4 |
_aالحركة الكشفية - الكشافة _910425 |
|
| 999 |
_aA1799 _c5367 _d5367 |
||